Candy by Picture - Unwrapped - Statistics

General Stats
  • This quiz has been taken 648 times
  • The average score is 6 of 9
Answer Stats
Picture Answer % Correct
Skittles
94%
Reese's
92%
Sour Patch
90%
Starburst
63%
Hershey's
54%
Twizzlers
54%
Butterfinger
53%
Snickers
37%
Air Heads
29%
No matching quizzes found
Score Distribution
Percent of People with Each Score
Percentile by Number Answered
Your Score History
You have not taken this quiz